| 000 | 00769nam a22002417a 4500 | ||
|---|---|---|---|
| 003 | UA-OsUOA | ||
| 001 | 28921 | ||
| 007 | ta | ||
| 008 | 20050516b un ||||| |||| 00| 0 ukr d | ||
| 090 |
_a347.77(73) _bЗ-38 |
||
| 942 | _cBK | ||
| 040 |
_aUA-OsUOA _bukr _cUA-OsUOA _dUA-OsUOA |
||
| 245 |
_aЗахист прав інтелектуальної власності: досвід Сполучених Штатів Америки _bЗб. документів, матеріалів, статей _cРед. О. Д.Святоцький |
||
| 300 | _a368 с. | ||
| 955 | _a0 | ||
| 041 | _aukr | ||
| 080 | _a347.77(73) | ||
| 020 | _a966-8088-32-8 | ||
| 260 |
_aК. _bВидавничий Дім "Ін Юре" _c2003 |
||
| 044 | _aUA | ||
| 650 | 7 | _2UDC | |
| 999 |
_c315297 _d315297 |
||